000
00394nam a2200145Ia 4500
008
100122s9999 xx 000 0 und d
082
_b
70981
_a
823.08
100
_a
देसाई माधवी
245
_a
देवराई
260
_b
दिलीप प्रकाशन
_c
2006
300
_a
167
630
_a
देवराई
730
_a
देवराई
942
_c
BOOK
999
_c
441667
_d
441664